Sétalovaglás. {Calare}. [Hobby horse PAPP Z. Attila: Sétanyomatok]
Elmentve itt :
| Szerző: | |
|---|---|
| Adatforrás: | Meister |
| Forrásdokumentuma: | Korunk. - 2002. 4, 130-131. |
| Nyelv: | magyar |
| Kulcsszavak: | recenzió recenzie book review PAPP Z. Attila |
| LEADER | 00438nab a2200157 i 4500 | ||
|---|---|---|---|
| 001 | bibPRO00011193 | ||
| 008 | 080908s2002 xx hun | ||
| 040 | |a Sz1 | ||
| 041 | |a hun | ||
| 100 | 1 | |a DEMETER Szilárd | |
| 245 | 1 | 0 | |a Sétalovaglás. {Calare}. [Hobby horse PAPP Z. Attila: Sétanyomatok] |c DEMETER Szilárd |
| 695 | |a recenzió | ||
| 695 | |a recenzie | ||
| 695 | |a book review | ||
| 695 | |a PAPP Z. Attila | ||
| 773 | 0 | |t Korunk. - |g 2002. 4, 130-131. | |